书目信息 |
| 题名: |
西方古典经济学思想产生及演进过程研究
|
|
| 作者: | 赖秀林 , 刘盛睿 , 邓庆玲 著 | |
| 分册: | ||
| 出版信息: | 沈阳 辽海出版社 2020.01 |
|
| 页数: | 192页 | |
| 开本: | 24cm | |
| 丛书名: | ||
| 单 册: | ||
| 中图分类: | F091.33 | |
| 科图分类: | ||
| 主题词: | 西方经济学--xi fang jing ji xue--古典经济学--研究 | |
| 电子资源: | ||
| ISBN: | 978-7-5451-5058-2 | |
| 000 | 01087nam0 2200265 450 | |
| 001 | CAL 0120203021121 | |
| 005 | 20230217093112.0 | |
| 010 | @a978-7-5451-5058-2@dCNY50.00 | |
| 100 | @a20200619d2020 em y0chiy0120 ea | |
| 101 | 0 | @achi |
| 102 | @aCN@b210000 | |
| 105 | @ay a 000yy | |
| 106 | @ar | |
| 200 | 1 | @a西方古典经济学思想产生及演进过程研究@Axi fang gu dian jing ji xue si xiang chan sheng ji yan jin guo cheng yan jiu@f赖秀林, 刘盛睿, 邓庆玲著 |
| 210 | @a沈阳@c辽海出版社@d2020.01 | |
| 215 | @a192页@d24cm | |
| 320 | @a有书目 (第192-251页) | |
| 330 | @a本书分两大部分: 第一部分西方古典经济学的启蒙思想 ; 第二部分西方古典经济学思想形成。共包括九章: 古代希腊、罗马和西欧中世纪的经济思想 ; 重商主义经济思想 ; 英国古典政治经济学的产生与发展 ; 重农学派的经济理论 ; 亚当·斯密的经济理论等。 | |
| 606 | 0 | @a西方经济学@Axi fang jing ji xue@x古典经济学@x研究 |
| 690 | @aF091.33@v5 | |
| 701 | 0 | @a赖秀林@Alai xiu lin@4著 |
| 701 | 0 | @a刘盛睿@Aliu sheng rui@4著 |
| 701 | 0 | @a邓庆玲@Adeng qing ling@4著 |
| 801 | 0 | @aCN@bBJXHZP@c20230222 |
| 905 | @b1378604-7@dF091.33@e103@f4 | |
| 西方古典经济学思想产生及演进过程研究/赖秀林, 刘盛睿, 邓庆玲著.-沈阳:辽海出版社,2020.01 |
| 192页;24cm |
| ISBN 978-7-5451-5058-2:CNY50.00 |
| 本书分两大部分: 第一部分西方古典经济学的启蒙思想 ; 第二部分西方古典经济学思想形成。共包括九章: 古代希腊、罗马和西欧中世纪的经济思想 ; 重商主义经济思想 ; 英国古典政治经济学的产生与发展 ; 重农学派的经济理论 ; 亚当·斯密的经济理论等。 |
| ● |
| 相关链接 |
|
|
|
|
正题名:西方古典经济学思想产生及演进过程研究
索取号:F091.33/103
 
预约/预借
| 序号 | 登录号 | 条形码 | 馆藏地/架位号 | 状态 | 备注 |
| 1 | 1378604 | 213786045 | 第一样本阅览室/ [索取号:F091.33/103] | 在馆 | |
| 2 | 1378605 | 213786054 | 第一借阅区/ [索取号:F091.33/103] | 在馆 | |
| 3 | 1378606 | 213786063 | 第一借阅区/ [索取号:F091.33/103] | 在馆 | |
| 4 | 1378607 | 213786072 | 第一借阅区/ [索取号:F091.33/103] | 在馆 |